Science Quiz

Random Science or Astronomy Quiz

Science by Numbers Quiz Stats

 Plays Quiz Updated Nov 8, 2018

Challenge
Share
Tweet
Embed
Score 0/55 Timer 06:00
9 Plays Today
% Correct
Earth
96%
Mars
95.8%
Venus
94.2%
Saturn
93.8%
Jupiter
93.6%
Uranus
92.7%
Mercury
92.2%
Solid
92.1%
Liquid
92%
Gas
91.7%
Two
90.7%
Neptune
90.1%
Plasma
65.5%
Lever
64.2%
Pulley
63.5%
Sulfur
63%
Meter
60.3%
Cumulus
57.9%
Sodium
50%
Silicon
49%
Malleus
49%
Kilogram
48.8%
Francis Crick
46.8%
James D Watson
46.4%
Stratus
45.8%
Cirrus
45.1%
Silver
43.4%
Cumulonimbus
43.4%
% Correct
Incus
42.9%
Selenium
42.3%
Stapes
35.1%
Second
33.6%
Inclined Plane
32.7%
Strontium
30.8%
Wedge
26.4%
Screw
25.1%
Kelvin
19.7%
Scandium
18.8%
Cube
18.4%
Ampere
18.2%
Wheel and Axle
14.8%
Seaborgium
11.6%
Cirrostratus
11.3%
Mole
11%
Dodecahedron
10.6%
Candela
10.4%
Tetrahedron
10.1%
Stratocumulus
10%
Nimbostratus
9.9%
Samarium
9.9%
Altostratus
8%
Octahedron
7.6%
Cirrocumulus
7.3%
Altocumulus
7%
Icosahedron
6.6%

You're not logged in!

Compare scores with friends on all Sporcle quizzes.
OR
Log In

You Might Also Like...

Show Comments

Extras

Top Quizzes Today


Score Distribution

Your Account Isn't Verified!

In order to create a playlist on Sporcle, you need to verify the email address you used during registration. Go to your Sporcle Settings to finish the process.

Report this User

Report this user for behavior that violates our Community Guidelines.

Details: